Определение производительности гелиоустановок для горячего водоснабжения; Экотехнологии и ресурсосбережение; № 3

Podrobná bibliografie
Parent link:Экотехнологии и ресурсосбережение: научно-технический журнал/ Национальная академия наук Украины (НАНУ) ; Институт газа Украины.— , 1994-2008.— 0235-3482
№ 3.— 2004.— С. 9-12
Další autoři: Сиворакша В. Е., Марков В. Л., Петров Б. Е., Золотько К. Е.
Jazyk:ruština
Vydáno: 2004
Edice:Топливо и энергетика
Témata:
Médium: MixedMaterials Kapitola
KOHA link:https://koha.lib.tpu.ru/cgi-bin/koha/opac-detail.pl?biblionumber=399172

MARC

LEADER 00000naa2a2200000 4500
001 399172
005 20231101065200.0
035 |a (RuTPU)RU\TPU\prd\40209 
090 |a 399172 
100 |a 20051207a2004 k y0rusy50 ca 
101 0 |a rus 
102 |a UA 
200 1 |a Определение производительности гелиоустановок для горячего водоснабжения  |f В. Е. Сиворакша [и др.] 
225 1 |a Топливо и энергетика 
320 |a Библиогр.: 4 назв. 
461 0 |0 (RuTPU)RU\TPU\prd\1029  |x 0235-3482  |t Экотехнологии и ресурсосбережение  |o научно-технический журнал  |f Национальная академия наук Украины (НАНУ) ; Институт газа Украины  |d 1994-2008 
463 0 |0 (RuTPU)RU\TPU\prd\26668  |t № 3  |v С. 9-12  |d 2004 
610 1 |a гелиоустановки 
610 1 |a удельная производительность 
610 1 |a тепловой баланс 
610 1 |a горячее водоснабжение 
675 |a 621.472:662.997  |v 3 
701 1 |a Сиворакша  |b В. Е. 
701 1 |a Марков  |b В. Л. 
701 1 |a Петров  |b Б. Е. 
701 1 |a Золотько  |b К. Е. 
801 1 |a RU  |b 63413507  |c 20051207  |g PSBO 
801 2 |a RU  |b 63413507  |c 20120413  |g RCR 
942 |c BK